Top 10 Most Forested Countries in Africa - Statistics

General Stats
  • This quiz has been taken 156 times
  • The average score is 7 of 10
Answer Stats
% Country % Correct
50.0 D.R. Congo
99%
65.7 Rep. of the Congo
95%
85.0 Gabon
78%
50.0 Zambia
72%
66.3 Zimbabwe
68%
78.0 Mozambique
66%
58.1 Equatorial Guinea
63%
54.9 Benin
44%
89.4 Seychelles
42%
57.3 Guinea-Bissau
35%
No matching quizzes found
Score Distribution
Percent of People with Each Score
Percentile by Number Answered
Your Score History
You have not taken this quiz